000 00492nam a22001817a 4500
005 20241014062842.0
008 241014b |||||||| |||| 00| 0 eng d
020 _a9780639016054
041 _aEnglish
082 _a349 JOU
100 _lEnglish
245 _aThe Law of South Africa /
_cWAJoubert
250 _aThird Edition
260 _aDurban:
_bLexisNexis,
_c2024
300 _b465 pages;
_c26 cm.
650 _aLegal practice
_bLaw
942 _cBK
_6ALISON_BN_VRIES
999 _c3211
_d3211